| 000 | 00976nam a22002537i 4500 | ||
|---|---|---|---|
| 999 |
_c23530 _d23530 |
||
| 003 | AR-CdUCM | ||
| 008 | 260226b20232023 pe||||| |||| 00| 0 spa d | ||
| 020 | _a978-612-46994-4-3 | ||
| 040 |
_aMUNICIPALIDAD PROVINCIAL DEL CUSCO _cBIBLIOTECA MUNICIPAL DEL CUSCO |
||
| 041 | _hspa | ||
| 082 |
_aEP / 303.4833 _bV4 |
||
| 110 |
_aEl Verbo Editores / _952345 |
||
| 245 |
_aCiencia y Tecnología : _bLo último en tecnología de la información basado en la inteligencia artificial / |
||
| 260 |
_aLima : _bGrupo Editorial Eurohispano SAC. _c2023 |
||
| 300 |
_a168 páginas. : _c30x21 cm. |
||
| 505 | _aRobótica para niños -- Mecatrónica -- Grandes científicos -- Experimentos para niños -- Que son los drones -- Big data -- Robo cibernético | ||
| 650 |
_aTecnología _91571 |
||
| 650 |
_aDrones _952346 |
||
| 650 |
_aRedes informáticas _952347 |
||
| 650 |
_aBig Data _952348 |
||
| 650 |
_aRobo cibernetico _952349 |
||
| 942 |
_2ddc _cLIBROS |
||
| 945 |
_apbjr _d26-02-2026 |
||